000 003230000a22000970004500
100 1 _aNeira, Armando
245 1 0 _aLos perseguidos : La secta de niños de Dios en Colombia dice que lo sucedido en Buenos Aires es un montaje diabólico
300 _aVol. 15, Núm 15 (1993), Páginas 22-23
773 0 _tCambio 16
942 _cANA
999 _c58449
_d58449